[Event "SVK-chT4 A22 1819"]
[Site "Slovakia"]
[Date "2019.03.17"]
[Round "11.4"]
[White "Meszaros, Lorant"]
[Black "Suchan, Jozef"]
[Result "1-0"]
[WhiteElo "1935"]
[BlackElo "1736"]
[PlyCount "53"]
[EventDate "2018.10.14"]
[EventType "team-tourn"]
[EventRounds "11"]
[EventCountry "SVK"]
[SourceTitle "EXT 2020"]
[Source "ChessBase"]
[SourceDate "2019.10.17"]
[SourceVersion "1"]
[SourceVersionDate "2019.10.17"]
[SourceQuality "1"]

1. d4 d5 2. c4 e6 3. Nf3 Nf6 4. g3 Be7 5. Bg2 0-0 6. 0-0 b6 7. cxd5 exd5 8. Nc3 Bb7 9. Qb3 Nbd7 10. Ne5 c6 11. Bf4 Nh5 12. Nd3 Nxf4 13. Nxf4 Bd6 14. Nd3 Re8 15. e4 dxe4 16. Nxe4 Nf6 17. Nxd6 Qxd6 18. Ne5 Nd5 19. Rfe1 Rab8 20. Rac1 Rbc8 21. a3 c5 22. Nc4 Qd7 23. Rxe8+ Rxe8 24. dxc5 bxc5 25. Rd1 Qg4 26. Bf3 Qf5 27. Nd6 1-0

[Event "SVK-chT4 A22 1718"]
[Site "Slovakia"]
[Date "2018.01.14"]
[Round "7.4"]
[White "Matis, Tibor"]
[Black "Meszaros, Lorant"]
[Result "1/2-1/2"]
[WhiteElo "1891"]
[BlackElo "1959"]
[PlyCount "110"]
[EventDate "2017.10.01"]
[EventType "team-tourn"]
[EventRounds "11"]
[EventCountry "SVK"]
[SourceTitle "EXT 2020"]
[Source "ChessBase"]
[SourceDate "2019.10.17"]
[SourceVersion "1"]
[SourceVersionDate "2019.10.17"]
[SourceQuality "1"]

1. e4 e5 2. Nf3 Nc6 3. d4 exd4 4. Nxd4 Nf6 5. Bg5 h6 6. Bh4 g5 7. Nxc6 bxc6 8. Bg3 Nxe4 9. Be5 Qe7 10. Qd4 f6 11. Qxe4 Qxe5 12. Bd3 Qxe4+ 13. Bxe4 Ba6 14. Bg6+ Kd8 15. Nd2 Rg8 16. Bf5 Rb8 17. 0-0-0 Rb5 18. g4 Rd5 19. Rhe1 Bd6 20. Ne4 Be5 21. Nc5 Rg7 22. Rxd5 cxd5 23. Nxa6 Bxh2 24. Nc5 c6 25. Rh1 Bf4+ 26. Kd1 Kc7 27. Rxh6 Be5 28. Rh7 Rxh7 29. Bxh7 Bxb2 30. Bf5 d6 31. Ne6+ Kb6 32. Kd2 Be5 33. c3 a5 34. Nf8 Kc7 35. Nd7 Kb7 36. Kd3 Kc7 37. f3 Kb7 38. a4 Kc7 39. c4 dxc4+ 40. Kxc4 Kb7 41. Nf8 Bg3 42. Ng6 Kc7 43. Ne7 d5+ 44. Kd3 Kd6 45. Nc8+ Kc7 46. Be6 Bf2 47. Ke2 Bc5 48. Kf1 Ba3 49. Kg2 Bb4 50. Kf2 Bc5+ 51. Ke2 Bf8 52. Kd3 Bc5 53. Kc3 Bb4+ 54. Kd4 Ba3 55. Bf5 Bf8 1/2-1/2

[Event "SVK-chT3A2 1617"]
[Site "Slovakia"]
[Date "2017.02.19"]
[Round "9.5"]
[White "Bango, Lukas"]
[Black "Meszaros, Lorant"]
[Result "1-0"]
[WhiteElo "2108"]
[BlackElo "2024"]
[PlyCount "23"]
[EventDate "2016.10.16"]
[EventType "team-tourn"]
[EventRounds "11"]
[EventCountry "SVK"]
[SourceTitle "EXT 2020"]
[Source "ChessBase"]
[SourceDate "2019.10.17"]
[SourceVersion "1"]
[SourceVersionDate "2019.10.17"]
[SourceQuality "1"]
[WhiteTeam "Modranka Komplet"]
[BlackTeam "Potonska Veza II"]
[WhiteTeamCountry "SVK"]
[BlackTeamCountry "SVK"]

1. e4 e5 2. Nf3 Nc6 3. Bc4 Bc5 4. b4 Bxb4 5. c3 Be7 6. d4 Na5 7. Bd3 exd4 8. cxd4 d5 9. exd5 Qxd5 10. 0-0 Nf6 11. Re1 Be6 12. Re5 1-0

[Event "SVK-chT2A 1617"]
[Site "Slovakia"]
[Date "2016.12.04"]
[Round "6.7"]
[White "Raczko, Peter"]
[Black "Meszaros, Lorant"]
[Result "0-1"]
[WhiteElo "1944"]
[BlackElo "2015"]
[PlyCount "70"]
[EventDate "2016.10.08"]
[EventType "team-tourn"]
[EventRounds "11"]
[EventCountry "SVK"]
[SourceTitle "EXT 2018"]
[Source "ChessBase"]
[SourceDate "2017.10.13"]
[SourceVersion "1"]
[SourceVersionDate "2017.10.13"]
[SourceQuality "1"]
[WhiteTeam "Bratislava Doprastav II"]
[BlackTeam "Potonska Veza"]
[WhiteTeamCountry "SVK"]
[BlackTeamCountry "SVK"]

1. e4 e5 2. Nf3 Nc6 3. d4 exd4 4. Nxd4 Nf6 5. Nxc6 bxc6 6. Bd3 Bb4+ 7. Bd2 Bxd2+ 8. Qxd2 0-0 9. 0-0 Re8 10. Nc3 d5 11. exd5 cxd5 12. Rfe1 Rxe1+ 13. Rxe1 c6 14. Ne2 Qb6 15. c3 Ba6 16. Bxa6 Qxa6 17. Nc1 Qb6 18. Re2 a5 19. Qd4 c5 20. Qa4 c4 21. b4 g6 22. a3 Ne4 23. Re3 Kg7 24. Ne2 Nc5 25. Qc2 axb4 26. cxb4 Nd3 27. Qc3+ Kg8 28. g3 Qa6 29. Qd4 Qxa3 30. Qxd5 Rc8 31. Qd7 Qa1+ 32. Kg2 Qa8+ 33. Kh3 Rd8 34. Qb5 Nxf2+ 35. Kh4 Qc8 0-1

[Event "SVK-chT2A 1617"]
[Site "Slovakia"]
[Date "2016.12.03"]
[Round "5.7"]
[White "Pozsar, Peter"]
[Black "Meszaros, Lorant"]
[Result "1-0"]
[WhiteElo "1894"]
[BlackElo "2015"]
[PlyCount "69"]
[EventDate "2016.10.08"]
[EventType "team-tourn"]
[EventRounds "11"]
[EventCountry "SVK"]
[SourceTitle "EXT 2018"]
[Source "ChessBase"]
[SourceDate "2017.10.13"]
[SourceVersion "1"]
[SourceVersionDate "2017.10.13"]
[SourceQuality "1"]
[WhiteTeam "Senec"]
[BlackTeam "Potonska Veza"]
[WhiteTeamCountry "SVK"]
[BlackTeamCountry "SVK"]

1. e4 e5 2. Nf3 Nc6 3. Bb5 a6 4. Ba4 Nf6 5. 0-0 Be7 6. Re1 b5 7. Bb3 0-0 8. c3 d6 9. h3 Nb8 10. d4 Nbd7 11. a4 Bb7 12. axb5 axb5 13. Rxa8 Qxa8 14. d5 c6 15. Na3 b4 16. cxb4 cxd5 17. exd5 Bxd5 18. Bxd5 Qxd5 19. Bg5 Qb7 20. Nc2 h6 21. Bd2 Nb6 22. Ne3 Re8 23. Bc3 Qd7 24. Qb3 e4 25. Nh4 d5 26. Rd1 Qe6 27. Nhf5 Rd8 28. Nd4 Qd7 29. Nef5 Bf8 30. b5 g6 31. Ne3 Bg7 32. Nc6 Ra8 33. Bd4 Nc4 34. Nxd5 Qxd5 35. Ne7+ 1-0

[Event "SVK-chT3A2 1617"]
[Site "Slovakia"]
[Date "2016.11.13"]
[Round "3.2"]
[White "Vepy, Ivan"]
[Black "Meszaros, Lorant"]
[Result "0-1"]
[WhiteElo "1923"]
[BlackElo "2024"]
[PlyCount "96"]
[EventDate "2016.10.16"]
[EventType "team-tourn"]
[EventRounds "11"]
[EventCountry "SVK"]
[SourceTitle "EXT 2020"]
[Source "ChessBase"]
[SourceDate "2019.10.17"]
[SourceVersion "1"]
[SourceVersionDate "2019.10.17"]
[SourceQuality "1"]
[WhiteTeam "Skalica II"]
[BlackTeam "Potonska Veza II"]
[WhiteTeamCountry "SVK"]
[BlackTeamCountry "SVK"]

1. e4 e5 2. Bc4 Nf6 3. d3 Be7 4. Nc3 c6 5. a3 d6 6. Nge2 d5 7. exd5 cxd5 8. Ba2 h6 9. 0-0 0-0 10. Ng3 Bg4 11. Qe1 Nc6 12. h3 Be6 13. Kh1 Qd7 14. Kh2 Bd6 15. f4 exf4 16. Bxf4 Rfe8 17. Qd2 Nh7 18. Rae1 Be7 19. Bxh6 gxh6 20. Qxh6 Bg5 21. Qh5 Kg7 22. h4 Bg4 23. Nf5+ Qxf5 24. Rxf5 Bxh5 25. Rxe8 Rxe8 26. hxg5 d4 27. Ne4 Re5 28. Rf4 Nxg5 29. Nd6 Ne6 30. Rh4 Bg6 31. b4 b5 32. Ne8+ Kf8 33. Nf6 Ke7 34. Nd5+ Kd6 35. Nf6 a6 36. Bb3 Ke7 37. Nd5+ Kd6 38. Nf6 Ng5 39. Rh8 a5 40. a4 axb4 41. axb5 Rxb5 42. Ne8+ Kc5 43. Nf6 Kb6 44. Bd5 Ne6 45. Bf3 Ncd8 46. Re8 Bxd3 47. cxd3 b3 48. Re7 b2 0-1

[Event "SVK-chT4 A22 1516"]
[Site "Slovakia"]
[Date "2016.04.03"]
[Round "11.1"]
[White "Csefalvay, Stefan"]
[Black "Meszaros, Lorant"]
[Result "0-1"]
[WhiteElo "1824"]
[BlackElo "2019"]
[PlyCount "44"]
[EventDate "2015.10.04"]
[EventType "team-tourn"]
[EventRounds "11"]
[EventCountry "SVK"]
[SourceTitle "EXT 2020"]
[Source "ChessBase"]
[SourceDate "2019.10.17"]
[SourceVersion "1"]
[SourceVersionDate "2019.10.17"]
[SourceQuality "1"]

1. c4 d6 2. Nc3 c5 3. Nf3 e5 4. e3 f5 5. d4 e4 6. Nd2 Nf6 7. Be2 Be7 8. a3 0-0 9. 0-0 a5 10. Na4 b6 11. Nb1 Bd7 12. Nac3 a4 13. Bd2 Nc6 14. d5 Ne5 15. Qc2 h6 16. Na2 g5 17. b4 g4 18. b5 Qe8 19. Nbc3 Qg6 20. Nxa4 Qh5 21. Nxb6 Nf3+ 22. gxf3 gxf3 0-1

[Event "SVK-chT2A 1516"]
[Site "Slovakia"]
[Date "2016.02.14"]
[Round "9.8"]
[White "Vadila, Ondrej"]
[Black "Meszaros, Lorant"]
[Result "0-1"]
[WhiteElo "1701"]
[BlackElo "2012"]
[PlyCount "144"]
[EventDate "2015.10.17"]
[EventType "team-tourn"]
[EventRounds "11"]
[EventCountry "SVK"]
[SourceTitle "EXT 2017"]
[Source "ChessBase"]
[SourceDate "2016.10.25"]
[SourceVersion "1"]
[SourceVersionDate "2016.10.25"]
[SourceQuality "1"]
[WhiteTeam "Bratislava Slovan IV"]
[BlackTeam "Velky Meder"]
[WhiteTeamCountry "SVK"]
[BlackTeamCountry "SVK"]

1. e4 e5 2. Nf3 Nc6 3. d4 exd4 4. Nxd4 Nf6 5. Nc3 Bb4 6. Nxc6 bxc6 7. Bd3 d5 8. exd5 cxd5 9. 0-0 0-0 10. Bg5 Be7 11. Re1 c6 12. h3 Rb8 13. Na4 Be6 14. Bf4 Rb4 15. Bd2 Rxa4 16. c3 Re4 17. Bxe4 Nxe4 18. Be3 Qc7 19. Qa4 Ra8 20. Rad1 Qb7 21. Qb3 Qa6 22. Rd4 c5 23. Ra4 Qc6 24. Qc2 Bd7 25. Ra3 a6 26. f3 Nf6 27. Bg5 Bd8 28. Qe2 Be6 29. b4 cxb4 30. cxb4 Qd6 31. Qd3 Bb6+ 32. Be3 Bc7 33. f4 Nh5 34. Qd4 Nxf4 35. Bxf4 Qxf4 36. Qxf4 Bxf4 37. b5 a5 38. Rb1 Bd2 39. Rd3 Bf5 40. Rbb3 Bxd3 41. Rxd3 Bc1 42. Rxd5 a4 43. Rd1 Be3+ 44. Kf1 g6 45. Ke2 Bc5 46. Rc1 Be7 47. Kd3 Rb8 48. Rb1 Rb6 49. Kc4 Kf8 50. Rb2 h5 51. Kd5 Ke8 52. Kc4 Kd7 53. Rf2 f6 54. Re2 Bd6 55. g4 hxg4 56. hxg4 Rb8 57. Rf2 Ke6 58. Re2+ Kd7 59. Rf2 Rc8+ 60. Kd3 Be5 61. Re2 Rc3+ 62. Kd2 Rc5 63. Re4 a3 64. Ra4 Bb2 65. Ra7+ Kc8 66. Rg7 g5 67. Rg8+ Kb7 68. Rf8 Rxb5 69. Rf7+ Kb6 70. Rd7 Rb4 71. Rd3 Rxg4 72. Rf3 Kc5 0-1

[Event "SVK-chT4 A22 1516"]
[Site "Slovakia"]
[Date "2015.10.18"]
[Round "2.2"]
[White "Meszaros, Lorant"]
[Black "Hornak, Pavol"]
[Result "1-0"]
[WhiteElo "1998"]
[BlackElo "1789"]
[PlyCount "71"]
[EventDate "2015.10.04"]
[EventType "team-tourn"]
[EventRounds "11"]
[EventCountry "SVK"]
[SourceTitle "EXT 2020"]
[Source "ChessBase"]
[SourceDate "2019.10.17"]
[SourceVersion "1"]
[SourceVersionDate "2019.10.17"]
[SourceQuality "1"]

1. d4 Nf6 2. c4 g6 3. Nf3 Bg7 4. Nc3 0-0 5. g3 b6 6. Bg2 Bb7 7. 0-0 d6 8. Re1 Nbd7 9. e4 e5 10. h3 c6 11. Bg5 h6 12. Be3 Qc7 13. Rc1 a6 14. a4 c5 15. d5 Kh7 16. Nh4 Ng8 17. f4 exf4 18. gxf4 Qd8 19. Nf3 Re8 20. Bf2 Bf6 21. Bg3 Qc7 22. Qd3 Bc8 23. Re2 h5 24. e5 dxe5 25. d6 Qb8 26. fxe5 Bd8 27. Rf1 Kg7 28. Nd5 Ra7 29. Qc3 Bb7 30. e6+ Bf6 31. Nxf6 Ngxf6 32. e7 Kg8 33. Ng5 Bxg2 34. Rxf6 Nxf6 35. Qxf6 Rf8 36. d7 1-0